[Event "Monarch Assurance Isle of Man 11th"]
[Site "Port Erin IOM"]
[Date "2002.10.06"]
[Round "9.8"]
[White "Kogan, Artur"]
[Black "Ledger, Andrew J"]
[Result "1-0"]
[WhiteElo "2530"]
[BlackElo "2408"]
[PlyCount "41"]
[EventDate "2002.09.28"]
[EventType "swiss"]
[EventRounds "9"]
[EventCountry "IOM"]
[SourceTitle "BritBase"]
[SourceDate "2008.07.14"]
[SourceVersion "1"]
[SourceVersionDate "2008.07.14"]
[SourceQuality "2"]

1. e4 e6 2. d3 d5 3. Nd2 c5 4. Ngf3 Nc6 5. g3 Nf6 6. Bg2 Be7 7. O-O O-O 8. Re1
b5 9. exd5 exd5 10. d4 c4 11. a4 Nb4 12. Ne5 Be6 13. c3 Na6 14. axb5 Nc7 15. b3
Nxb5 16. bxc4 dxc4 17. Nc6 Qd7 18. d5 Nxd5 19. Bxd5 Bc5 20. Bg2 Bg4 21. Ne5 1-0

[Event "Monarch Assurance Isle of Man 11th"]
[Site "Port Erin IOM"]
[Date "2002.10.06"]
[Round "9.10"]
[White "Lalic, Bogdan"]
[Black "Palliser, Richard"]
[Result "1-0"]
[WhiteElo "2540"]
[BlackElo "2441"]
[PlyCount "51"]
[EventDate "2002.09.28"]
[EventType "swiss"]
[EventRounds "9"]
[EventCountry "IOM"]
[SourceTitle "BritBase"]
[SourceDate "2008.07.14"]
[SourceVersion "1"]
[SourceVersionDate "2008.07.14"]
[SourceQuality "2"]

1. d4 Nf6 2. Nf3 c5 3. d5 g6 4. c4 d6 5. Nc3 Bg7 6. e4 O-O 7. h3 e6 8. Bd3 exd5
9. cxd5 b5 10. O-O a6 11. a3 Ra7 12. Re1 Re7 13. Bf4 Bb7 14. Rc1 Rfe8 15. b4
Qb6 16. bxc5 dxc5 17. d6 Rd7 18. e5 Nd5 19. Nxd5 Bxd5 20. Ng5 Qc6 21. Qg4 Be6
22. Qh4 h6 23. Ne4 g5 24. Nxg5 hxg5 25. Qh7+ Kf8 26. Bxg5 1-0

[Event "Monarch Assurance Isle of Man 11th"]
[Site "Port Erin IOM"]
[Date "2002.10.06"]
[Round "9.11"]
[White "Miezis, Normunds"]
[Black "Gladyszev, Oleg"]
[Result "0-1"]
[WhiteElo "2510"]
[BlackElo "2388"]
[PlyCount "104"]
[EventDate "2002.09.28"]
[EventType "swiss"]
[EventRounds "9"]
[EventCountry "IOM"]
[SourceTitle "BritBase"]
[SourceDate "2008.07.14"]
[SourceVersion "1"]
[SourceVersionDate "2008.07.14"]
[SourceQuality "2"]

1. c4 g6 2. Nc3 Bg7 3. g3 c5 4. Bg2 Nc6 5. d3 d6 6. a3 e6 7. Bd2 Nge7 8. h4 h6
9. Rb1 b6 10. b4 Bb7 11. Nh3 Qd7 12. O-O O-O 13. Nf4 Nd4 14. e4 Kh7 15. Nfe2
Nec6 16. f4 f5 17. Kh2 Nxe2 18. Nxe2 Rae8 19. Bf3 Qe7 20. Qa4 fxe4 21. dxe4 Nd4
22. Nxd4 cxd4 23. Bg2 e5 24. Rbe1 exf4 25. Bxf4 g5 26. hxg5 hxg5 27. Bd2 Be5
28. Qb3 Kg6 29. Kg1 Bc8 30. Qd3 Rh8 31. Rf5 Bxf5 32. exf5+ Kf6 33. Re4 Qh7 34.
Rg4 Rhg8 35. Rxd4 Qxf5 36. Rxd6+ Bxd6 37. Qxd6+ Re6 38. Qd4+ Qe5 39. Qd3 Qf5
40. Bc3+ Kg6 41. Qxf5+ Kxf5 42. Bd5 Re3 43. Bd4 Rxg3+ 44. Kf2 Rd3 45. Bxg8 Rxd4
46. Ke3 Re4+ 47. Kd3 Ke5 48. c5 bxc5 49. bxc5 Ra4 50. Kc3 Rxa3+ 51. Kb4 Ra1 52.
Kb5 g4 0-1

[Event "Monarch Assurance Isle of Man 11th"]
[Site "Port Erin IOM"]
[Date "2002.10.06"]
[Round "9.12"]
[White "Ansell, Simon"]
[Black "Peralta, Fernando"]
[Result "0-1"]
[WhiteElo "2399"]
[BlackElo "2499"]
[PlyCount "132"]
[EventDate "2002.09.28"]
[EventType "swiss"]
[EventRounds "9"]
[EventCountry "IOM"]
[SourceTitle "BritBase"]
[SourceDate "2008.07.14"]
[SourceVersion "1"]
[SourceVersionDate "2008.07.14"]
[SourceQuality "2"]

1. Nf3 Nf6 2. g3 g6 3. Bg2 Bg7 4. O-O O-O 5. d3 d5 6. Nbd2 Nc6 7. e4 e5 8. Re1
h6 9. exd5 {(=)} Nxd5 10. Nc4 Re8 11. c3 Bf5 12. Nh4 Be6 13. Nf3 f6 14. Ne3
Nde7 15. d4 e4 16. Nd2 f5 17. f3 exf3 18. Nxf3 Qd7 19. Qd3 g5 20. h4 g4 21. Nh2
Rad8 22. Bd2 Kh8 23. Rf1 Ne5 24. Qe2 c5 25. Rad1 cxd4 26. cxd4 N5c6 27. Qf2
Nxd4 28. Bc3 Qb5 29. Kh1 Qb6 30. Rfe1 Bxa2 31. h5 Bb3 32. Rd2 Be6 33. Red1 Kh7
34. Nexg4 Ndc6 35. Qxb6 axb6 36. Rxd8 Rxd8 37. Rxd8 Nxd8 38. Bxg7 Kxg7 39. Ne3
Kf6 40. Nf3 Ndc6 41. Ne1 Bf7 42. Bf3 Kg5 43. Nd3 Bxh5 44. Bxh5 Kxh5 45. Nf4+
Kg5 46. Kg2 b5 47. Ne6+ Kf6 48. Nc5 b6 49. Nd3 Ne5 50. Nb4 Nc4 51. Nec2 Nxb2
52. Nd4 Nc4 53. Nxb5 Ne3+ 54. Kf3 N3d5 55. Nd3 Nc6 56. Kg2 Ne5 57. Nb2 Ne3+ 58.
Kf2 N3c4 59. Na4 Nf7 60. Ke2 Ke5 61. Kd3 Nfd6 62. Nc7 Kf6 63. Ke2 Kg5 64. Kf3
Nd2+ 65. Ke3 N6c4+ 66. Kf2 Kg4 0-1

[Event "Monarch Assurance Isle of Man 11th"]
[Site "Port Erin IOM"]
[Date "2002.10.06"]
[Round "9.13"]
[White "Tyomkin, Dimitri"]
[Black "Pert, Richard"]
[Result "1/2-1/2"]
[WhiteElo "2482"]
[BlackElo "2357"]
[PlyCount "57"]
[EventDate "2002.09.28"]
[EventType "swiss"]
[EventRounds "9"]
[EventCountry "IOM"]
[SourceTitle "BritBase"]
[SourceDate "2008.07.14"]
[SourceVersion "1"]
[SourceVersionDate "2008.07.14"]
[SourceQuality "2"]

1. d4 f5 2. g3 e6 3. Bg2 Nf6 4. Nh3 Be7 5. O-O O-O 6. c4 d6 7. Nc3 e5 8. b3 c6
9. Bb2 Qe8 10. e3 Ng4 11. Qe2 Na6 12. f3 Nh6 13. Nf2 f4 14. dxe5 fxg3 15. hxg3
Nf5 16. Nh1 Bd8 17. Nd1 dxe5 {(=)} 18. g4 Nh4 19. Ng3 Bb6 20. Nf2 Ng6 21. Ba3
Bc5 22. Bxc5 Nxc5 23. b4 Nd7 24. Nfe4 Nf6 25. Rad1 Nxe4 26. Nxe4 Be6 27. Nc5
Qf7 28. Qc2 Rad8 29. Ne4 1/2-1/2

[Event "Monarch Assurance Isle of Man 11th"]
[Site "Port Erin IOM"]
[Date "2002.10.06"]
[Round "9.15"]
[White "Rotstein, Arkadij"]
[Black "Collins, Sam IRL"]
[Result "0-1"]
[WhiteElo "2557"]
[BlackElo "2313"]
[PlyCount "104"]
[EventDate "2002.09.28"]
[EventType "swiss"]
[EventRounds "9"]
[EventCountry "IOM"]
[SourceTitle "BritBase"]
[SourceDate "2008.07.14"]
[SourceVersion "1"]
[SourceVersionDate "2008.07.14"]
[SourceQuality "2"]

1. e4 c5 2. Nf3 e6 3. d4 cxd4 4. Nxd4 Nf6 5. Nc3 Nc6 6. Be3 Bb4 7. Bd3 d5 8.
exd5 Nxd5 9. Nxc6 bxc6 10. Bd2 Bxc3 11. bxc3 O-O 12. O-O Qf6 13. c4 Nf4 14. Be4
e5 15. Qf3 Ba6 16. g3 Ne6 17. Qxf6 gxf6 18. Bxc6 Rac8 19. Be4 Rxc4 20. Rfe1 Nc5
21. Bf5 Bc8 22. Bxc8 Rxc8 23. Be3 Kg7 24. Red1 a5 25. Rab1 Rxc2 26. Rb5 a4 27.
Ra5 h5 28. Ra7 Kg6 29. a3 Ne4 30. Rdd7 Ra2 31. Rxa4 Nxf2 32. Rd2 Nh3+ 33. Kf1
Rxd2 34. Bxd2 Rc2 35. Ke2 Ng5 36. Kd3 Ra2 37. h4 Nf3 38. Bc3 Rg2 39. Ra8 Kf5
40. Rg8 Nxh4 41. a4 Ng6 42. Kc4 Rxg3 43. a5 e4 44. Kb4 e3 45. Rc8 e2 46. Be1
Rg1 47. Rc1 Ne5 48. Kc3 Nf3 49. a6 Rxe1 50. Rxe1 Nxe1 51. Kd2 Nf3+ 52. Kxe2
Nd4+ 0-1

[Event "Monarch Assurance Isle of Man 11th"]
[Site "Port Erin IOM"]
[Date "2002.10.06"]
[Round "9.19"]
[White "Hanley, Craig A"]
[Black "Gordon, Stephen J"]
[Result "1/2-1/2"]
[WhiteElo "2331"]
[BlackElo "2159"]
[PlyCount "106"]
[EventDate "2002.09.28"]
[EventType "swiss"]
[EventRounds "9"]
[EventCountry "IOM"]
[SourceTitle "BritBase"]
[SourceDate "2008.07.14"]
[SourceVersion "1"]
[SourceVersionDate "2008.07.14"]
[SourceQuality "2"]

1. c4 c5 2. Nf3 g6 3. e3 Nf6 4. d4 cxd4 5. exd4 d5 6. Nc3 Bg7 7. h3 O-O 8. Be2
Nc6 9. O-O Bf5 10. Be3 Rc8 11. c5 Ne4 12. Qb3 Qd7 13. Rfd1 Rfd8 14. Nxe4 Bxe4
15. Rac1 Bxf3 16. Bxf3 Na5 17. Qb4 Qc7 18. b3 Nc6 19. Qa4 f5 20. g3 h6 21. Bg2
Kh7 22. f4 Nb8 23. Qxa7 Nc6 24. Qb6 Qxb6 25. cxb6 Ra8 26. a4 Ra6 27. Rc5 Rxb6
28. Bxd5 e6 29. Bc4 Nxd4 30. Kg2 Rbd6 31. Rc7 Nc2 32. Rxd6 Nxe3+ 33. Kf3 Rxd6
34. Kxe3 b6 35. b4 g5 36. a5 bxa5 37. bxa5 Kg6 38. Bb5 Bd4+ 39. Kf3 e5 40. fxe5
Bxe5 41. Rc5 Bd4 42. Rc4 Kf6 43. a6 Bb6 {(=)} 44. Rc8 Ke5 45. Rb8 Bc5 46. Re8+
Kf6 47. Rh8 Rd2 48. Be2 g4+ {(=)} 49. hxg4 fxg4+ 50. Kxg4 Rxe2 51. Rxh6+ Kf7
52. Rc6 Re6 53. a7 Bxa7 1/2-1/2

[Event "Monarch Assurance Isle of Man 11th"]
[Site "Port Erin IOM"]
[Date "2002.10.06"]
[Round "9.21"]
[White "Grant, Alan"]
[Black "Dougherty, Michael"]
[Result "1-0"]
[WhiteElo "2195"]
[BlackElo "2320"]
[PlyCount "45"]
[EventDate "2002.09.28"]
[EventType "swiss"]
[EventRounds "9"]
[EventCountry "IOM"]
[SourceTitle "BritBase"]
[SourceDate "2008.07.14"]
[SourceVersion "1"]
[SourceVersionDate "2008.07.14"]
[SourceQuality "2"]

1. c4 g6 2. g3 Bg7 3. Bg2 d6 4. Nc3 Nc6 5. e4 e5 6. Nge2 Nge7 7. d3 O-O 8. O-O
Be6 9. Nd5 a5 10. Bg5 h6 11. Be3 f5 12. Qd2 g5 13. f4 gxf4 14. gxf4 Kh8 15. Kh1
Ng6 16. exf5 Bxf5 17. Ng3 exf4 18. Nxf5 fxe3 19. Qxe3 Nce5 20. Be4 c6 21. Nxg7
Kxg7 22. Rxf8 Qxf8 23. Nc7 1-0

[Event "Monarch Assurance Isle of Man 11th"]
[Site "Port Erin IOM"]
[Date "2002.10.06"]
[Round "9.22"]
[White "Bennion, David A"]
[Black "Marchand, Francois"]
[Result "1/2-1/2"]
[WhiteElo "2060"]
[BlackElo "2237"]
[PlyCount "66"]
[EventDate "2002.09.28"]
[EventType "swiss"]
[EventRounds "9"]
[EventCountry "IOM"]
[SourceTitle "BritBase"]
[SourceDate "2008.07.14"]
[SourceVersion "1"]
[SourceVersionDate "2008.07.14"]
[SourceQuality "2"]

1. e4 c6 2. d4 d5 3. exd5 cxd5 4. c4 Nf6 5. Nc3 Nc6 6. Nf3 Bg4 7. Be2 e6 8. O-O
Be7 9. Be3 dxc4 10. Bxc4 O-O 11. Be2 Qa5 12. Qb3 Qb4 13. Qxb4 Nxb4 14. Ne5 Bxe2
15. Nxe2 Rfc8 16. Nc3 Nfd5 17. Nxd5 Nxd5 18. Rac1 f6 19. Nd3 Kf7 20. Rxc8 Rxc8
21. Rc1 Rd8 22. Nc5 f5 23. Nb3 g5 24. Bd2 g4 25. h3 gxh3 26. gxh3 Rg8+ 27. Kf1
b5 28. Ke2 Rg2 29. Rh1 Bh4 30. Be1 Rg8 31. Bd2 Rg2 32. Be1 Rg8 33. Bd2 Rg2
1/2-1/2

[Event "Monarch Assurance Isle of Man 11th"]
[Site "Port Erin IOM"]
[Date "2002.10.06"]
[Round "9.23"]
[White "Vuilleumier, Alex"]
[Black "Lutton, J Ezra"]
[Result "1/2-1/2"]
[WhiteElo "2169"]
[BlackElo "2113"]
[PlyCount "95"]
[EventDate "2002.09.28"]
[EventType "swiss"]
[EventRounds "9"]
[EventCountry "IOM"]
[SourceTitle "BritBase"]
[SourceDate "2008.07.14"]
[SourceVersion "1"]
[SourceVersionDate "2008.07.14"]
[SourceQuality "2"]

1. e4 Nc6 2. Nc3 Nf6 3. d4 d5 4. e5 Nd7 5. Nce2 Nb6 6. c3 Bf5 7. Ng3 Bg6 8. Nf3
e6 9. Bg5 Be7 10. Bxe7 Qxe7 11. Nd2 O-O 12. Be2 f6 13. f4 fxe5 14. fxe5 Qg5 15.
Nf3 Qe3 16. Nf1 Qf4 17. Qd2 Qxd2+ 18. N1xd2 h6 19. O-O Na4 20. Nh4 Bh7 21. Bg4
Nd8 22. Nb3 g5 23. Nf3 Bg6 24. Nfd2 h5 25. Be2 Nxb2 26. Nc5 g4 27. h3 gxh3 28.
gxh3 Be8 29. Rxf8+ Kxf8 30. Rb1 Na4 31. Nxa4 Bxa4 32. Bxh5 Be8 33. Bg4 Rc8 34.
Rf1+ Ke7 35. Nb3 b6 36. Kf2 c5 37. Ke3 cxd4+ 38. cxd4 Rc3+ 39. Kd2 Rg3 40. Kc2
Nf7 41. Kb2 Ng5 42. Rc1 Kd7 43. Rc3 Rg2+ 44. Rc2 Rg3 45. Rc3 Rg2+ 46. Ka3 Ne4
47. Rf3 Ke7 48. Rd3 1/2-1/2

[Event "Monarch Assurance Isle of Man 11th"]
[Site "Port Erin IOM"]
[Date "2002.10.06"]
[Round "9.24"]
[White "Cafolla, Peter"]
[Black "Burrows, Martin"]
[Result "1/2-1/2"]
[WhiteElo "2109"]
[BlackElo "2196"]
[PlyCount "32"]
[EventDate "2002.09.28"]
[EventType "swiss"]
[EventRounds "9"]
[EventCountry "IOM"]
[SourceTitle "BritBase"]
[SourceDate "2008.07.14"]
[SourceVersion "1"]
[SourceVersionDate "2008.07.14"]
[SourceQuality "2"]

1. d4 e6 2. c4 b6 3. Nc3 Bb7 4. Nf3 f5 5. Bg5 Nf6 6. e3 Bb4 7. Rc1 O-O 8. Be2
Qe8 9. Bxf6 Rxf6 10. O-O Bxc3 11. Rxc3 Rh6 12. Ne1 e5 13. dxe5 Qxe5 14. g3 Rd6
15. Rd3 Rxd3 16. Qxd3 Qe4 1/2-1/2

[Event "Monarch Assurance Isle of Man 11th"]
[Site "Port Erin IOM"]
[Date "2002.10.06"]
[Round "9.25"]
[White "Hutchinson, Norman A"]
[Black "Waugh, Jonathon C"]
[Result "1-0"]
[WhiteElo "2175"]
[BlackElo "1930"]
[PlyCount "69"]
[EventDate "2002.09.28"]
[EventType "swiss"]
[EventRounds "9"]
[EventCountry "IOM"]
[SourceTitle "BritBase"]
[SourceDate "2008.07.14"]
[SourceVersion "1"]
[SourceVersionDate "2008.07.14"]
[SourceQuality "2"]

1. e4 c5 2. c3 e6 3. d4 Qc7 4. Nf3 Ne7 5. Bd3 Ng6 6. O-O Be7 7. Na3 a6 8. Nc4
O-O 9. d5 b5 10. Ne3 Bb7 11. c4 b4 12. g3 e5 13. Ng2 d6 14. Nfe1 Nd7 15. f4 Bf6
16. f5 Nh8 17. Bc2 Nb6 18. Bd3 Qd8 19. Qg4 Bc8 20. Nf3 Bd7 21. Ne3 a5 22. Qh3
h6 23. Ng4 Re8 24. Nf2 Bg5 25. Bxg5 hxg5 26. Qh5 f6 27. h4 gxh4 28. Nxh4 Nf7
29. Kg2 Nh6 30. Rh1 Re7 31. Ng6 Be8 32. Ng4 Bxg6 33. fxg6 Qf8 34. Raf1 Nd7 35.
Rf5 1-0

[Event "Monarch Assurance Isle of Man 11th"]
[Site "Port Erin IOM"]
[Date "2002.10.06"]
[Round "9.26"]
[White "Spanton, Tim"]
[Black "Fox, Anthony"]
[Result "1/2-1/2"]
[WhiteElo "2008"]
[BlackElo "2142"]
[PlyCount "108"]
[EventDate "2002.09.28"]
[EventType "swiss"]
[EventRounds "9"]
[EventCountry "IOM"]
[SourceTitle "BritBase"]
[SourceDate "2008.07.14"]
[SourceVersion "1"]
[SourceVersionDate "2008.07.14"]
[SourceQuality "2"]

1. e4 e5 2. Nf3 Nc6 3. Bb5 a6 4. Bxc6 dxc6 5. Nc3 f6 6. d3 Bd6 7. Be3 Ne7 8. h3
c5 9. Na4 b6 10. Nd2 Be6 11. Nc4 O-O 12. O-O Ng6 13. Nxd6 cxd6 14. f4 exf4 15.
Bxf4 d5 16. exd5 Bxd5 17. Nc3 Bc6 18. Qg4 Qd4+ 19. Kh2 Rfe8 20. Qg3 Re6 21. Qf2
Qxf2 22. Rxf2 Nxf4 23. Rxf4 Rae8 24. Raf1 Re5 25. d4 Rg5 26. R1f2 Re3 27. h4
Rh5 28. Re2 Rxe2 29. Nxe2 g5 30. Rxf6 Bb5 31. Nc3 Rxh4+ 32. Kg3 Rxd4 33. Nxb5
axb5 34. Rxb6 b4 35. a4 bxa3 36. bxa3 Kg7 37. Rc6 Rc4 38. a4 h5 39. a5 h4+ 40.
Kh3 Rxc2 41. a6 c4 42. a7 Ra2 43. Rxc4 Rxa7 44. Rc6 Ra3+ 45. Kh2 Kf7 46. Rb6
Re3 47. Ra6 Re6 48. Rxe6 Kxe6 49. g3 h3 50. Kxh3 Kf5 51. Kg2 Ke4 52. Kf2 g4 53.
Ke2 Kd4 54. Kd2 Ke4 1/2-1/2

[Event "Monarch Assurance Isle of Man 11th"]
[Site "Port Erin IOM"]
[Date "2002.10.06"]
[Round "9.27"]
[White "Purton, Ben"]
[Black "Goodger, Martyn"]
[Result "1/2-1/2"]
[WhiteElo "2067"]
[BlackElo "2133"]
[PlyCount "31"]
[EventDate "2002.09.28"]
[EventType "swiss"]
[EventRounds "9"]
[EventCountry "IOM"]
[SourceTitle "BritBase"]
[SourceDate "2008.07.14"]
[SourceVersion "1"]
[SourceVersionDate "2008.07.14"]
[SourceQuality "2"]

1. Nf3 f5 2. b3 d6 3. d4 Nf6 4. e3 g6 5. Bb2 Bg7 6. Nbd2 O-O 7. c4 {(=)} e5 8.
dxe5 Ng4 9. c5 Nxe5 10. Nxe5 dxe5 11. Bc4+ Kh8 12. Qc2 Qe7 13. b4 a5 14. a3
axb4 15. axb4 Rxa1+ 16. Bxa1 1/2-1/2

[Event "Monarch Assurance Isle of Man 11th"]
[Site "Port Erin IOM"]
[Date "2002.10.06"]
[Round "9.28"]
[White "Kelly, David"]
[Black "Ellison, D George"]
[Result "1/2-1/2"]
[WhiteElo "1860"]
[BlackElo "2116"]
[PlyCount "49"]
[EventDate "2002.09.28"]
[EventType "swiss"]
[EventRounds "9"]
[EventCountry "IOM"]
[SourceTitle "BritBase"]
[SourceDate "2008.07.14"]
[SourceVersion "1"]
[SourceVersionDate "2008.07.14"]
[SourceQuality "2"]

1. e4 c5 2. Nf3 d6 3. Bb5+ Bd7 4. Bxd7+ Nxd7 5. O-O Ngf6 6. Re1 {(=)} e6 7. c3
Be7 8. d4 cxd4 9. cxd4 d5 10. e5 Ne4 11. Nbd2 Nxd2 12. Bxd2 O-O 13. Qb3 Qb6 14.
Re3 Rfc8 15. Rc1 Rc6 16. Qxb6 Nxb6 17. Rec3 Nc4 18. b3 Nxd2 19. Nxd2 Rac8 20.
Nb1 Bd8 21. Rxc6 Rxc6 22. Rxc6 bxc6 23. Na3 Bb6 24. Nc2 a5 25. Kf1 1/2-1/2

[Event "Monarch Assurance Isle of Man 11th"]
[Site "Port Erin IOM"]
[Date "2002.10.06"]
[Round "9.29"]
[White "Shepherd, Michael"]
[Black "Harborne, Matthew"]
[Result "1/2-1/2"]
[WhiteElo "2071"]
[BlackElo "2075"]
[PlyCount "69"]
[EventDate "2002.09.28"]
[EventType "swiss"]
[EventRounds "9"]
[EventCountry "IOM"]
[SourceTitle "BritBase"]
[SourceDate "2008.07.14"]
[SourceVersion "1"]
[SourceVersionDate "2008.07.14"]
[SourceQuality "2"]

1. d4 Nf6 2. c4 e6 3. Nc3 Bb4 4. Qc2 c5 5. dxc5 Bxc5 6. Nf3 b6 7. Bf4 Bb7 8. e3
O-O 9. Be2 Re8 10. O-O Nc6 11. a3 Nh5 12. Ng5 Nf6 13. Nce4 Nxe4 14. Nxe4 Be7
15. Nd6 Bxd6 16. Bxd6 Ne7 17. Bd3 g6 18. Be5 d5 19. Rfd1 Rc8 20. Qe2 Nc6 21.
Bc3 Qg5 22. f4 Qe7 23. Rac1 Red8 24. b4 d4 25. exd4 Nxd4 26. Qb2 Qd6 27. Bf1
Nf3+ 28. gxf3 Qxf4 29. Be2 Bxf3 30. Bxf3 Qxf3 31. Rxd8+ Rxd8 32. Qf2 Qg4+ 33.
Qg3 Qxc4 34. Qe5 Qg4+ 35. Kf2 1/2-1/2

[Event "Monarch Assurance Isle of Man 11th"]
[Site "Port Erin IOM"]
[Date "2002.10.06"]
[Round "9.30"]
[White "Hanley, James"]
[Black "Cross, Glenn"]
[Result "1-0"]
[WhiteElo "1990"]
[BlackElo "1992"]
[PlyCount "75"]
[EventDate "2002.09.28"]
[EventType "swiss"]
[EventRounds "9"]
[EventCountry "IOM"]
[SourceTitle "BritBase"]
[SourceDate "2008.07.14"]
[SourceVersion "1"]
[SourceVersionDate "2008.07.14"]
[SourceQuality "2"]

1. e4 e5 2. Nf3 Nc6 3. Bb5 a6 4. Ba4 Nf6 5. O-O d6 6. d4 b5 7. dxe5 bxa4 8.
exf6 Qxf6 9. c3 Bd7 10. Bg5 Qg6 11. Re1 f6 12. Bf4 Be7 13. Qxa4 O-O 14. Qc4+
Qf7 15. Qxf7+ Rxf7 16. Nd4 Ne5 17. Be3 Rb8 18. b3 f5 19. exf5 Bxf5 20. Nxf5
Rxf5 21. Bd4 Ng6 22. Nd2 Rbf8 23. g3 d5 24. b4 Bf6 25. Bxf6 R5xf6 26. f4 Kf7
27. Re2 Re6 28. Rae1 Rxe2 29. Rxe2 Ne7 30. Nb3 Nc6 31. a4 Rd8 32. Nc5 Nb8 33.
Rd2 Rd6 34. a5 Ke7 35. Re2+ Kf7 36. g4 Nd7 37. Nb7 Rc6 38. Nd8+ 1-0

[Event "Monarch Assurance Isle of Man 11th"]
[Site "Port Erin IOM"]
[Date "2002.10.06"]
[Round "9.31"]
[White "Ormsby, Alan"]
[Black "Cheshire, Paul"]
[Result "1/2-1/2"]
[WhiteElo "2069"]
[BlackElo "1775"]
[PlyCount "48"]
[EventDate "2002.09.28"]
[EventType "swiss"]
[EventRounds "9"]
[EventCountry "IOM"]
[SourceTitle "BritBase"]
[SourceDate "2008.07.14"]
[SourceVersion "1"]
[SourceVersionDate "2008.07.14"]
[SourceQuality "2"]

1. e4 e6 2. d4 d5 3. Nc3 Bb4 4. e5 c5 5. a3 Bxc3+ 6. bxc3 Ne7 7. h4 Nbc6 8. h5
cxd4 9. cxd4 Qb6 10. Nf3 Nf5 11. c3 Bd7 12. Bd3 Qa5 13. Bd2 O-O 14. g4 Nfe7 15.
Kf1 Rac8 16. Kg2 a6 17. Bxh7+ Kxh7 18. Ng5+ Kg8 19. Qc2 f5 20. exf6 Rxf6 21.
Qh7+ Kf8 22. Qh8+ Ng8 23. Nh7+ Kf7 24. Ng5+ Kf8 1/2-1/2